[Event "Veneto Region-ch"]
[Site "Arqua Petrarca"]
[Date "2001.05.05"]
[Round "1"]
[White "Solinas, Carlo"]
[Black "Spinoso, Giovanni"]
[Result "1-0"]
[WhiteElo "2045"]
[BlackElo "1452"]
[PlyCount "69"]
[EventDate "2001.05.05"]
[EventType "swiss"]
[EventRounds "6"]
[EventCountry "ITA"]
[SourceTitle "EXT 2023"]
[Source "ChessBase"]
[SourceDate "2022.10.05"]
[SourceVersion "1"]
[SourceVersionDate "2022.10.05"]
[SourceQuality "1"]

1. e4 c5 2. d4 cxd4 3. c3 e6 4. Nf3 Be7 5. cxd4 Nf6 6. Nc3 0-0 7. Bd3 d6 8. 0-0 a6 9. Qe2 Nc6 10. e5 Ne8 11. Qe4 g6 12. Bh6 d5 13. Qf4 Ng7 14. Qd2 Bd7 15. Rac1 Rc8 16. Rfe1 Re8 17. Qf4 Rf8 18. Qg3 Re8 19. h4 Nh5 20. Qh3 Nb4 21. Bb1 Ng7 22. g4 Nc6 23. h5 Rf8 24. Kg2 f5 25. hxg6 hxg6 26. gxf5 exf5 27. e6 Bxe6 28. Bxg7 Kxg7 29. Rxe6 Rh8 30. Qg3 Rg8 31. Bxf5 Kf7 32. Rxg6 Nxd4 33. Nxd4 Bh4 34. Be6+ Ke7 35. Qxh4+ 1-0